[Event "DVM U20 2021"]
[Site "Kiel GER"]
[Date "2022.07.23"]
[Round "1"]
[White "Knüdel, Torben"]
[Black "Eurich, Jannik"]
[Result "0-1"]
[Termination "normal"]
[Board "6.1"]
[WhiteElo "2210"]
[BlackElo "1957"]
[WhiteClock "00:07:35"]
[BlackClock "00:13:54"]
[WhiteTeam "Post SV Uelzen"]
[BlackTeam "SK Langen"]
[PlyCount "102"]
[WhiteFideId "16208820"]
[BlackFideId "16265459"]
[EventCountry "GER"]
[EventRounds "7"]
[EventType "team-swiss"]
[EventDate "2022.07.22"]

1. e4 {[%clk 01:30:57]} {[%emt 00:00:02]} c5 {[%clk 01:30:54]} {[%emt
00:00:06]} 2. Nf3 {[%clk 01:31:23]} {[%emt 00:00:04]} d6 {[%clk 01:31:18]}
{[%emt 00:00:06]} 3. d4 {[%clk 01:31:48]} {[%emt 00:00:05]} cxd4 {[%clk
01:31:43]} {[%emt 00:00:05]} 4. Nxd4 {[%clk 01:32:15]} {[%emt 00:00:04]} Nf6
{[%clk 01:32:05]} {[%emt 00:00:07]} 5. Nc3 {[%clk 01:32:42]} {[%emt 00:00:03]}
a6 {[%clk 01:32:30]} {[%emt 00:00:06]} 6. Bg5 {[%clk 01:33:10]} {[%emt
00:00:02]} Nbd7 {[%clk 01:32:35]} {[%emt 00:00:24]} 7. Qe2 {[%clk 01:33:31]}
{[%emt 00:00:09]} h6 {[%clk 01:26:25]} {[%emt 00:06:41]} 8. Bxf6 {[%clk
01:33:56]} {[%emt 00:00:04]} Nxf6 {[%clk 01:25:38]} {[%emt 00:01:17]} 9. O-O-O
{[%clk 01:34:20]} {[%emt 00:00:06]} Qa5 {[%clk 01:12:43]} {[%emt 00:13:25]} 10.
Kb1 {[%clk 01:27:43]} {[%emt 00:07:07]} g6 {[%clk 00:56:55]} {[%emt 00:16:18]}
11. Nb3 {[%clk 01:19:38]} {[%emt 00:08:34]} Qc7 {[%clk 00:55:47]} {[%emt
00:01:37]} 12. Qe3 {[%clk 01:16:39]} {[%emt 00:03:29]} Bg7 {[%clk 00:50:32]}
{[%emt 00:05:46]} 13. Be2 {[%clk 01:15:07]} {[%emt 00:02:02]} b5 {[%clk
00:43:30]} {[%emt 00:07:32]} 14. f4 {[%clk 01:09:49]} {[%emt 00:05:48]} O-O
{[%clk 00:39:50]} {[%emt 00:04:10]} 15. e5 {[%clk 01:05:34]} {[%emt 00:04:44]}
dxe5 {[%clk 00:35:17]} {[%emt 00:05:03]} 16. fxe5 {[%clk 01:05:01]} {[%emt
00:01:02]} Ng4 {[%clk 00:33:45]} {[%emt 00:02:02]} 17. Qe4 {[%clk 01:02:33]}
{[%emt 00:02:58]} Bf5 {[%clk 00:32:35]} {[%emt 00:01:40]} 18. Nd5 {[%clk
00:52:25]} {[%emt 00:10:38]} Bxe4 {[%clk 00:29:28]} {[%emt 00:03:37]} 19. Nxc7
{[%clk 00:52:51]} {[%emt 00:00:04]} Rac8 {[%clk 00:29:43]} {[%emt 00:00:15]}
20. Bxg4 {[%clk 00:36:46]} {[%emt 00:16:35]} Rxc7 {[%clk 00:30:04]} {[%emt
00:00:10]} 21. Nd4 {[%clk 00:25:49]} {[%emt 00:11:27]} Bxg2 {[%clk 00:21:45]}
{[%emt 00:08:48]} 22. Rhg1 {[%clk 00:24:21]} {[%emt 00:01:58]} Bb7 {[%clk
00:21:05]} {[%emt 00:01:11]} 23. e6 {[%clk 00:21:47]} {[%emt 00:03:04]} f5
{[%clk 00:20:16]} {[%emt 00:01:18]} 24. Be2 {[%clk 00:17:50]} {[%emt 00:04:28]}
Bxd4 {[%clk 00:17:30]} {[%emt 00:03:16]} 25. Rxd4 {[%clk 00:17:43]} {[%emt
00:00:36]} Kg7 {[%clk 00:15:45]} {[%emt 00:02:15]} 26. Bh5 {[%clk 00:10:03]}
{[%emt 00:08:10]} g5 {[%clk 00:15:40]} {[%emt 00:00:36]} 27. a4 {[%clk
00:08:41]} {[%emt 00:01:52]} Be4 {[%clk 00:13:27]} {[%emt 00:02:43]} 28. Rc1
{[%clk 00:06:26]} {[%emt 00:02:45]} Rfc8 {[%clk 00:12:30]} {[%emt 00:01:27]}
29. axb5 {[%clk 00:04:24]} {[%emt 00:02:32]} axb5 {[%clk 00:11:51]} {[%emt
00:01:08]} 30. Bd1 {[%clk 00:04:05]} {[%emt 00:00:49]} Kf6 {[%clk 00:11:53]}
{[%emt 00:00:29]} 31. Rb4 {[%clk 00:03:59]} {[%emt 00:00:35]} Rc5 {[%clk
00:12:00]} {[%emt 00:00:22]} 32. b3 {[%clk 00:03:56]} {[%emt 00:00:33]} Kxe6
{[%clk 00:11:56]} {[%emt 00:00:34]} 33. Kb2 {[%clk 00:04:18]} {[%emt 00:00:08]}
Rd8 {[%clk 00:10:35]} {[%emt 00:01:51]} 34. Be2 {[%clk 00:03:18]} {[%emt
00:01:30]} Rd2 {[%clk 00:10:02]} {[%emt 00:01:02]} 35. Bxb5 {[%clk 00:03:40]}
{[%emt 00:00:09]} Rcxc2+ {[%clk 00:10:08]} {[%emt 00:00:23]} 36. Rxc2 {[%clk
00:04:09]} {[%emt 00:00:01]} Rxc2+ {[%clk 00:10:36]} {[%emt 00:00:02]} 37. Ka3
{[%clk 00:04:27]} {[%emt 00:00:12]} Rxh2 {[%clk 00:10:51]} {[%emt 00:00:13]}
38. Bc4+ {[%clk 00:04:54]} {[%emt 00:00:04]} Ke5 {[%clk 00:11:05]} {[%emt
00:00:17]} 39. Rb6 {[%clk 00:05:13]} {[%emt 00:00:11]} g4 {[%clk 00:11:08]}
{[%emt 00:00:27]} 40. Rg6 {[%clk 00:04:39]} {[%emt 00:01:03]} Kf4 {[%clk
00:11:28]} {[%emt 00:00:10]} 41. b4 {[%clk 00:04:12]} {[%emt 00:00:57]} g3
{[%clk 00:11:15]} {[%emt 00:00:43]} 42. Bf1 {[%clk 00:04:32]} {[%emt 00:00:10]}
g2 {[%clk 00:11:35]} {[%emt 00:00:11]} 43. Bxg2 {[%clk 00:04:58]} {[%emt
00:00:03]} Bxg2 {[%clk 00:11:58]} {[%emt 00:00:07]} 44. b5 {[%clk 00:05:25]}
{[%emt 00:00:04]} Be4 {[%clk 00:12:06]} {[%emt 00:00:22]} 45. b6 {[%clk
00:05:47]} {[%emt 00:00:08]} e5 {[%clk 00:12:25]} {[%emt 00:00:11]} 46. Rg1
{[%clk 00:05:59]} {[%emt 00:00:18]} Rg2 {[%clk 00:12:38]} {[%emt 00:00:17]} 47.
Rf1+ {[%clk 00:06:16]} {[%emt 00:00:13]} Ke3 {[%clk 00:12:48]} {[%emt
00:00:20]} 48. Kb4 {[%clk 00:06:34]} {[%emt 00:00:12]} f4 {[%clk 00:13:06]}
{[%emt 00:00:11]} 49. Kc5 {[%clk 00:06:51]} {[%emt 00:00:12]} f3 {[%clk
00:13:23]} {[%emt 00:00:13]} 50. Kd6 {[%clk 00:07:15]} {[%emt 00:00:07]} f2
{[%clk 00:13:35]} {[%emt 00:00:19]} 51. Kxe5 {[%clk 00:07:35]} {[%emt
00:00:10]} Rg1 {[%clk 00:13:54]} {[%emt 00:00:12]} 0-1

[Event "DVM U20 2021"]
[Site "Kiel GER"]
[Date "2022.07.23"]
[Round "1"]
[White "Renk, Jonas"]
[Black "von Estorff, Jacob"]
[Result "0-1"]
[Termination "normal"]
[Board "6.2"]
[WhiteElo "1897"]
[BlackElo "2164"]
[WhiteClock "00:11:54"]
[BlackClock "00:04:01"]
[WhiteTeam "SK Langen"]
[BlackTeam "Post SV Uelzen"]
[PlyCount "62"]
[WhiteFideId "16209460"]
[BlackFideId "12974501"]
[EventCountry "GER"]
[EventRounds "7"]
[EventType "team-swiss"]
[EventDate "2022.07.22"]

1. Nc3 {[%clk 01:30:53]} {[%emt 00:00:07]} d5 {[%clk 01:27:53]} {[%emt
00:03:07]} 2. e4 {[%clk 01:30:37]} {[%emt 00:00:45]} d4 {[%clk 01:26:36]}
{[%emt 00:01:48]} 3. Nce2 {[%clk 01:30:53]} {[%emt 00:00:13]} c5 {[%clk
01:26:43]} {[%emt 00:00:23]} 4. d3 {[%clk 01:29:19]} {[%emt 00:02:04]} Nc6
{[%clk 01:26:49]} {[%emt 00:00:25]} 5. g3 {[%clk 01:29:03]} {[%emt 00:00:46]}
e5 {[%clk 01:23:44]} {[%emt 00:03:36]} 6. Bg2 {[%clk 01:28:40]} {[%emt
00:00:52]} Bd6 {[%clk 01:22:03]} {[%emt 00:02:10]} 7. f4 {[%clk 01:26:07]}
{[%emt 00:03:02]} Bg4 {[%clk 01:11:12]} {[%emt 00:11:22]} 8. h3 {[%clk
01:16:23]} {[%emt 00:10:14]} Bxe2 {[%clk 01:10:02]} {[%emt 00:01:40]} 9. Nxe2
{[%clk 01:13:12]} {[%emt 00:03:41]} exf4 {[%clk 01:07:04]} {[%emt 00:03:29]}
10. Nxf4 {[%clk 01:08:00]} {[%emt 00:05:41]} Nge7 {[%clk 01:02:43]} {[%emt
00:04:51]} 11. O-O {[%clk 01:04:29]} {[%emt 00:04:00]} Ne5 {[%clk 01:00:45]}
{[%emt 00:02:28]} 12. Kh2 {[%clk 01:00:28]} {[%emt 00:04:31]} Qc7 {[%clk
00:58:31]} {[%emt 00:02:45]} 13. c3 {[%clk 00:50:05]} {[%emt 00:10:53]} O-O
{[%clk 00:53:37]} {[%emt 00:05:23]} 14. Bd2 {[%clk 00:47:01]} {[%emt 00:03:32]}
Rad8 {[%clk 00:47:31]} {[%emt 00:06:37]} 15. Rc1 {[%clk 00:43:36]} {[%emt
00:03:55]} dxc3 {[%clk 00:38:59]} {[%emt 00:09:03]} 16. bxc3 {[%clk 00:42:59]}
{[%emt 00:01:06]} Nxd3 {[%clk 00:37:49]} {[%emt 00:01:42]} 17. Rb1 {[%clk
00:38:25]} {[%emt 00:05:05]} Be5 {[%clk 00:14:22]} {[%emt 00:23:56]} 18. Qe2
{[%clk 00:34:18]} {[%emt 00:04:36]} c4 {[%clk 00:12:10]} {[%emt 00:02:42]} 19.
Rf3 {[%clk 00:30:05]} {[%emt 00:04:43]} b6 {[%clk 00:10:27]} {[%emt 00:02:15]}
20. Rbf1 {[%clk 00:24:59]} {[%emt 00:05:36]} Rd6 {[%clk 00:05:45]} {[%emt
00:05:13]} 21. Nxd3 {[%clk 00:20:21]} {[%emt 00:05:07]} Rxd3 {[%clk 00:05:34]}
{[%emt 00:00:40]} 22. Rxd3 {[%clk 00:19:48]} {[%emt 00:01:03]} cxd3 {[%clk
00:05:59]} {[%emt 00:00:05]} 23. Qxd3 {[%clk 00:19:57]} {[%emt 00:00:20]} Rd8
{[%clk 00:06:13]} {[%emt 00:00:16]} 24. Qf3 {[%clk 00:17:26]} {[%emt 00:03:01]}
Bxg3+ {[%clk 00:06:09]} {[%emt 00:00:35]} 25. Kh1 {[%clk 00:16:38]} {[%emt
00:01:18]} f6 {[%clk 00:05:50]} {[%emt 00:00:49]} 26. Rd1 {[%clk 00:16:06]}
{[%emt 00:01:02]} Qd6 {[%clk 00:04:18]} {[%emt 00:02:02]} 27. Be1 {[%clk
00:13:03]} {[%emt 00:03:34]} Qxd1 {[%clk 00:04:25]} {[%emt 00:00:22]} 28. Qxg3
{[%clk 00:13:30]} {[%emt 00:00:02]} Ng6 {[%clk 00:03:30]} {[%emt 00:01:26]} 29.
Kh2 {[%clk 00:11:44]} {[%emt 00:02:16]} Qd6 {[%clk 00:03:39]} {[%emt 00:00:20]}
30. Bf2 {[%clk 00:11:26]} {[%emt 00:00:47]} Qxg3+ {[%clk 00:03:50]} {[%emt
00:00:20]} 31. Kxg3 {[%clk 00:11:54]} {[%emt 00:00:02]} Rd3+ {[%clk 00:04:01]}
{[%emt 00:00:19]} 0-1

[Event "DVM U20 2021"]
[Site "Kiel GER"]
[Date "2022.07.23"]
[Round "1"]
[White "Bargsten, Justus"]
[Black "Buchholz, Maja"]
[Result "1-0"]
[Termination "normal"]
[Board "6.3"]
[WhiteElo "2136"]
[BlackElo "1879"]
[WhiteClock "00:12:40"]
[BlackClock "00:02:20"]
[WhiteTeam "Post SV Uelzen"]
[BlackTeam "SK Langen"]
[PlyCount "67"]
[WhiteFideId "12974188"]
[BlackFideId "16200500"]
[EventCountry "GER"]
[EventRounds "7"]
[EventType "team-swiss"]
[EventDate "2022.07.22"]

1. e4 {[%clk 01:30:59]} e6 {[%clk 01:30:56]} {[%emt 00:00:05]} 2. d4 {[%clk
01:31:24]} {[%emt 00:00:04]} d5 {[%clk 01:31:22]} {[%emt 00:00:04]} 3. e5
{[%clk 01:31:48]} {[%emt 00:00:05]} c5 {[%clk 01:31:48]} {[%emt 00:00:04]} 4.
c3 {[%clk 01:32:16]} {[%emt 00:00:03]} Nc6 {[%clk 01:32:14]} {[%emt 00:00:04]}
5. Nf3 {[%clk 01:32:42]} {[%emt 00:00:04]} Qb6 {[%clk 01:32:39]} {[%emt
00:00:05]} 6. Bd3 {[%clk 01:33:06]} {[%emt 00:00:05]} cxd4 {[%clk 01:33:01]}
{[%emt 00:00:08]} 7. O-O {[%clk 01:33:30]} {[%emt 00:00:06]} Bd7 {[%clk
01:33:27]} {[%emt 00:00:04]} 8. Re1 {[%clk 01:33:54]} {[%emt 00:00:05]} Nge7
{[%clk 01:32:34]} {[%emt 00:01:24]} 9. h4 {[%clk 01:34:16]} {[%emt 00:00:07]}
h5 {[%clk 01:30:52]} {[%emt 00:02:12]} 10. a3 {[%clk 01:30:16]} {[%emt
00:04:30]} Rc8 {[%clk 01:27:31]} {[%emt 00:03:51]} 11. b4 {[%clk 01:28:43]}
{[%emt 00:02:03]} dxc3 {[%clk 01:25:37]} {[%emt 00:02:24]} 12. Nxc3 {[%clk
01:29:06]} {[%emt 00:00:06]} Nxb4 {[%clk 01:22:18]} {[%emt 00:03:50]} 13. Na4
{[%clk 01:29:30]} {[%emt 00:00:05]} Bxa4 {[%clk 01:22:32]} {[%emt 00:00:17]}
14. Qxa4+ {[%clk 01:29:54]} {[%emt 00:00:05]} Nbc6 {[%clk 01:22:47]} {[%emt
00:00:15]} 15. Bd2 {[%clk 01:30:09]} {[%emt 00:00:15]} g6 {[%clk 01:20:11]}
{[%emt 00:03:06]} 16. Rab1 {[%clk 01:06:16]} {[%emt 00:24:23]} Qc7 {[%clk
01:19:26]} {[%emt 00:01:15]} 17. Bg5 {[%clk 00:54:29]} {[%emt 00:12:17]} Bg7
{[%clk 01:16:23]} {[%emt 00:03:33]} 18. Bf6 {[%clk 00:53:24]} {[%emt 00:01:34]}
O-O {[%clk 01:09:32]} {[%emt 00:07:22]} 19. g4 {[%clk 00:53:20]} {[%emt
00:00:34]} Rfd8 {[%clk 00:34:11]} {[%emt 00:35:51]} 20. gxh5 {[%clk 00:47:19]}
{[%emt 00:06:31]} d4 {[%clk 00:32:21]} {[%emt 00:02:20]} 21. hxg6 {[%clk
00:46:11]} {[%emt 00:01:38]} Bxf6 {[%clk 00:29:15]} {[%emt 00:03:35]} 22. gxf7+
{[%clk 00:43:57]} {[%emt 00:02:43]} Kxf7 {[%clk 00:28:53]} {[%emt 00:00:53]}
23. exf6 {[%clk 00:44:16]} {[%emt 00:00:11]} Kxf6 {[%clk 00:27:06]} {[%emt
00:02:18]} 24. Ng5 {[%clk 00:32:38]} {[%emt 00:12:07]} e5 {[%clk 00:23:28]}
{[%emt 00:04:08]} 25. Qd1 {[%clk 00:29:20]} {[%emt 00:03:47]} Nd5 {[%clk
00:18:39]} {[%emt 00:05:20]} 26. Qh5 {[%clk 00:28:18]} {[%emt 00:01:31]} Qg7
{[%clk 00:16:39]} {[%emt 00:02:30]} 27. Rxb7 {[%clk 00:28:09]} {[%emt
00:00:39]} Nce7 {[%clk 00:15:53]} {[%emt 00:01:17]} 28. Qg4 {[%clk 00:27:39]}
{[%emt 00:00:59]} Rc6 {[%clk 00:14:13]} {[%emt 00:02:10]} 29. Be4 {[%clk
00:23:37]} {[%emt 00:04:32]} Qg8 {[%clk 00:10:11]} {[%emt 00:04:33]} 30. f4
{[%clk 00:21:46]} {[%emt 00:02:21]} Ne3 {[%clk 00:08:52]} {[%emt 00:01:49]} 31.
fxe5+ {[%clk 00:21:34]} {[%emt 00:00:41]} Kg7 {[%clk 00:04:31]} {[%emt
00:04:52]} 32. Qh5 {[%clk 00:12:04]} {[%emt 00:09:59]} Ra6 {[%clk 00:02:02]}
{[%emt 00:03:00]} 33. Rxe7+ {[%clk 00:12:22]} {[%emt 00:00:11]} Kf8 {[%clk
00:02:20]} {[%emt 00:00:12]} 34. Rf7+ {[%clk 00:12:40]} {[%emt 00:00:13]} 1-0

[Event "DVM U20 2021"]
[Site "Kiel GER"]
[Date "2022.07.23"]
[Round "1"]
[White "Rothenberg, Jannik"]
[Black "Koholka, Jan"]
[Result "1/2-1/2"]
[Termination "normal"]
[Board "6.5"]
[WhiteElo "1889"]
[BlackElo "1602"]
[WhiteClock "00:01:30"]
[BlackClock "00:01:41"]
[WhiteTeam "Post SV Uelzen"]
[BlackTeam "SK Langen"]
[PlyCount "145"]
[WhiteFideId "16204743"]
[BlackFideId "34611584"]
[EventCountry "GER"]
[EventRounds "7"]
[EventType "team-swiss"]
[EventDate "2022.07.22"]

1. d4 {[%clk 01:30:55]} {[%emt 00:00:05]} d5 {[%clk 01:30:28]} {[%emt
00:00:33]} 2. c4 {[%clk 01:31:14]} {[%emt 00:00:10]} dxc4 {[%clk 01:30:06]}
{[%emt 00:00:52]} 3. Nf3 {[%clk 01:31:11]} {[%emt 00:00:33]} Nf6 {[%clk
01:29:40]} {[%emt 00:00:56]} 4. e3 {[%clk 01:30:33]} {[%emt 00:01:08]} e6
{[%clk 01:28:31]} {[%emt 00:01:39]} 5. Bxc4 {[%clk 01:30:39]} {[%emt 00:00:24]}
c5 {[%clk 01:27:18]} {[%emt 00:01:43]} 6. O-O {[%clk 01:30:20]} {[%emt
00:00:48]} Be7 {[%clk 01:24:23]} {[%emt 00:03:25]} 7. dxc5 {[%clk 01:28:46]}
{[%emt 00:02:04]} Qxd1 {[%clk 01:20:47]} {[%emt 00:04:06]} 8. Rxd1 {[%clk
01:29:07]} {[%emt 00:00:08]} Bxc5 {[%clk 01:20:11]} {[%emt 00:01:07]} 9. a3
{[%clk 01:26:48]} {[%emt 00:02:50]} a6 {[%clk 01:16:32]} {[%emt 00:04:09]} 10.
b4 {[%clk 01:24:59]} {[%emt 00:02:19]} Be7 {[%clk 01:14:49]} {[%emt 00:02:13]}
11. Bb2 {[%clk 01:23:18]} {[%emt 00:02:10]} b5 {[%clk 01:10:51]} {[%emt
00:04:28]} 12. Be2 {[%clk 01:21:56]} {[%emt 00:01:52]} Bb7 {[%clk 01:07:05]}
{[%emt 00:04:16]} 13. Nbd2 {[%clk 01:21:10]} {[%emt 00:01:15]} O-O {[%clk
01:02:42]} {[%emt 00:04:53]} 14. Nb3 {[%clk 01:16:53]} {[%emt 00:04:47]} Nbd7
{[%clk 00:57:13]} {[%emt 00:05:59]} 15. Rac1 {[%clk 01:15:12]} {[%emt
00:02:11]} Rac8 {[%clk 00:52:50]} {[%emt 00:04:54]} 16. Nfd4 {[%clk 01:13:29]}
{[%emt 00:02:13]} Rxc1 {[%clk 00:48:21]} {[%emt 00:04:59]} 17. Rxc1 {[%clk
01:13:28]} {[%emt 00:00:30]} Rc8 {[%clk 00:46:43]} {[%emt 00:02:09]} 18. Rxc8+
{[%clk 01:12:45]} {[%emt 00:01:13]} Bxc8 {[%clk 00:47:05]} {[%emt 00:00:07]}
19. Bf3 {[%clk 01:09:02]} {[%emt 00:04:13]} Ne5 {[%clk 00:41:44]} {[%emt
00:05:51]} 20. Be2 {[%clk 01:01:31]} {[%emt 00:08:01]} Ned7 {[%clk 00:39:10]}
{[%emt 00:03:04]} 21. Nc6 {[%clk 00:50:05]} {[%emt 00:11:56]} Bd6 {[%clk
00:35:53]} {[%emt 00:03:47]} 22. Nba5 {[%clk 00:45:49]} {[%emt 00:04:47]} Nb8
{[%clk 00:26:13]} {[%emt 00:10:10]} 23. Bf3 {[%clk 00:37:19]} {[%emt 00:09:00]}
Nd5 {[%clk 00:17:01]} {[%emt 00:09:42]} 24. Bd4 {[%clk 00:20:23]} {[%emt
00:17:26]} Nxc6 {[%clk 00:10:56]} {[%emt 00:06:35]} 25. Nxc6 {[%clk 00:20:38]}
{[%emt 00:00:15]} Bd7 {[%clk 00:08:12]} {[%emt 00:03:15]} 26. Na5 {[%clk
00:14:22]} {[%emt 00:06:45]} f5 {[%clk 00:05:13]} {[%emt 00:03:29]} 27. Nb7
{[%clk 00:12:06]} {[%emt 00:02:47]} Bc7 {[%clk 00:04:35]} {[%emt 00:01:07]} 28.
Nc5 {[%clk 00:10:11]} {[%emt 00:02:25]} Bc8 {[%clk 00:05:01]} {[%emt 00:00:04]}
29. Bxd5 {[%clk 00:03:23]} {[%emt 00:07:18]} exd5 {[%clk 00:05:22]} {[%emt
00:00:10]} 30. Nd3 {[%clk 00:03:42]} {[%emt 00:00:11]} Kf7 {[%clk 00:04:32]}
{[%emt 00:01:19]} 31. g3 {[%clk 00:03:14]} {[%emt 00:00:58]} g6 {[%clk
00:04:05]} {[%emt 00:00:57]} 32. Kg2 {[%clk 00:02:39]} {[%emt 00:01:05]} Bd6
{[%clk 00:03:35]} {[%emt 00:01:01]} 33. Kf3 {[%clk 00:01:55]} {[%emt 00:01:14]}
Bb7 {[%clk 00:02:57]} {[%emt 00:01:08]} 34. Ke2 {[%clk 00:01:36]} {[%emt
00:00:49]} Ke6 {[%clk 00:02:16]} {[%emt 00:01:11]} 35. Bc5 {[%clk 00:01:30]}
{[%emt 00:00:36]} Be5 {[%clk 00:02:04]} {[%emt 00:00:42]} 36. f4 {[%clk
00:00:59]} {[%emt 00:01:01]} Bg7 {[%clk 00:01:54]} {[%emt 00:00:40]} 37. Bd4
{[%clk 00:00:40]} {[%emt 00:00:49]} Bf8 {[%clk 00:02:17]} {[%emt 00:00:07]} 38.
Bc5 {[%clk 00:00:49]} {[%emt 00:00:21]} Bg7 {[%clk 00:02:35]} {[%emt 00:00:13]}
39. Bd4 {[%clk 00:00:45]} {[%emt 00:00:34]} Bf8 {[%clk 00:03:02]} {[%emt
00:00:03]} 40. Kf3 {[%clk 00:00:36]} {[%emt 00:00:39]} h5 {[%clk 00:03:05]}
{[%emt 00:00:27]} 41. h3 {[%clk 00:00:41]} {[%emt 00:00:26]} Bc6 {[%clk
00:02:30]} {[%emt 00:01:05]} 42. g4 {[%clk 00:26:00]} {[%emt 00:05:10]} hxg4+
{[%clk 00:26:26]} {[%emt 00:06:34]} 43. hxg4 {[%clk 00:26:18]} {[%emt
00:00:12]} Bd6 {[%clk 00:25:17]} {[%emt 00:01:39]} 44. g5 {[%clk 00:16:47]}
{[%emt 00:10:00]} Kf7 {[%clk 00:15:32]} {[%emt 00:10:14]} 45. Ke2 {[%clk
00:16:21]} {[%emt 00:00:57]} Bc7 {[%clk 00:12:04]} {[%emt 00:03:57]} 46. Nc5
{[%clk 00:09:23]} {[%emt 00:07:29]} a5 {[%clk 00:11:14]} {[%emt 00:01:20]} 47.
bxa5 {[%clk 00:09:40]} {[%emt 00:00:13]} Bxa5 {[%clk 00:11:08]} {[%emt
00:00:36]} 48. Nd3 {[%clk 00:09:45]} {[%emt 00:00:24]} Ke6 {[%clk 00:06:20]}
{[%emt 00:05:18]} 49. Bc5 {[%clk 00:08:39]} {[%emt 00:01:37]} Be8 {[%clk
00:05:07]} {[%emt 00:01:42]} 50. Nc1 {[%clk 00:07:10]} {[%emt 00:01:59]} Kd7
{[%clk 00:04:10]} {[%emt 00:01:27]} 51. Kd3 {[%clk 00:05:53]} {[%emt 00:01:45]}
Kc6 {[%clk 00:04:07]} {[%emt 00:00:36]} 52. Nb3 {[%clk 00:05:23]} {[%emt
00:00:59]} Be1 {[%clk 00:03:32]} {[%emt 00:01:05]} 53. Bf8 {[%clk 00:03:08]}
{[%emt 00:02:45]} Bd7 {[%clk 00:02:25]} {[%emt 00:01:38]} 54. Bg7 {[%clk
00:02:36]} {[%emt 00:01:02]} b4 {[%clk 00:02:11]} {[%emt 00:00:44]} 55. Nd4+
{[%clk 00:02:11]} {[%emt 00:00:55]} Kb6 {[%clk 00:02:21]} {[%emt 00:00:20]} 56.
Nc2 {[%clk 00:02:10]} {[%emt 00:00:30]} Bb5+ {[%clk 00:02:18]} {[%emt
00:00:33]} 57. Kd4 {[%clk 00:02:29]} {[%emt 00:00:11]} Bc3+ {[%clk 00:02:36]}
{[%emt 00:00:12]} 58. Kxd5 {[%clk 00:02:54]} {[%emt 00:00:06]} Bxg7 {[%clk
00:02:15]} {[%emt 00:00:50]} 59. axb4 {[%clk 00:03:02]} {[%emt 00:00:22]} Bd3
{[%clk 00:02:09]} {[%emt 00:00:36]} 60. Nd4 {[%clk 00:00:53]} {[%emt 00:02:39]}
Bxd4 {[%clk 00:02:03]} {[%emt 00:00:36]} 61. exd4 {[%clk 00:00:40]} {[%emt
00:00:42]} Be4+ {[%clk 00:01:28]} {[%emt 00:01:04]} 62. Ke6 {[%clk 00:00:53]}
{[%emt 00:00:17]} Kc6 {[%clk 00:01:34]} {[%emt 00:00:25]} 63. Kf6 {[%clk
00:00:40]} {[%emt 00:00:44]} Kb5 {[%clk 00:00:59]} {[%emt 00:01:05]} 64. Kxg6
{[%clk 00:00:55]} {[%emt 00:00:15]} Kxb4 {[%clk 00:01:23]} {[%emt 00:00:06]}
65. Kf6 {[%clk 00:01:18]} {[%emt 00:00:06]} Kc4 {[%clk 00:01:39]} {[%emt
00:00:14]} 66. g6 {[%clk 00:00:37]} {[%emt 00:01:11]} Kxd4 {[%clk 00:01:58]}
{[%emt 00:00:12]} 67. g7 {[%clk 00:00:56]} {[%emt 00:00:11]} Bd5 {[%clk
00:02:12]} {[%emt 00:00:15]} 68. Kxf5 {[%clk 00:01:21]} {[%emt 00:00:05]} Bg8
{[%clk 00:01:49]} {[%emt 00:00:54]} 69. Kf6 {[%clk 00:00:56]} {[%emt 00:00:54]}
Ke4 {[%clk 00:01:40]} {[%emt 00:00:39]} 70. f5 {[%clk 00:01:12]} {[%emt
00:00:14]} Kf4 {[%clk 00:01:44]} {[%emt 00:00:26]} 71. Kg6 {[%clk 00:01:24]}
{[%emt 00:00:19]} Ke5 {[%clk 00:01:55]} {[%emt 00:00:18]} 72. Kg5 {[%clk
00:01:30]} {[%emt 00:00:24]} Bf7 {[%clk 00:01:41]} {[%emt 00:00:44]} 73. f6
{[%clk 00:01:30]} {[%emt 00:00:30]} *